000 01137cad a22002295a 4500
001 L144127
008 080623s2008 xxkad f s 000 0 eng d
035 _a(Sirsi) u144127
041 0 _aeng
050 0 4 _a333.33 $2 18
110 2 _aSavills
_92020
245 0 0 _aQuarterly data bulletin European commercial markets
_bquarter 1 2008
_h[electronic resource]
260 _aLondon
_bSavills
_c2008
490 0 _aQuarterly Data Bulletin European Commercial Markets
_vQuarter 1 2008
520 _aReports annual prime rental growth in the first quarter of 2008 to be 11.1%, compared to 12.1% the previous quarter. Prime industrial rents increased by 6.0% on average. Prime retail rents remained stable in most markets. Forecasts the pace of average rental growth for the year 2008 to slow down across all sectors.
590 _aKA
650 2 4 _aSAVILLS QUARTERLY QUARTERLY DATA BULLETIN EUROPEAN COMMERCIAL MARKETS
651 4 _aEurope
690 _aPROPERTY-COMMERCIAL PROPERTY-COMMERCIAL PROPERTY MARKET
856 4 0 _uhttps://www.savills.co.uk/
_zView this report free of charge under research at www.savills.co.uk...
942 _n0
999 _c108380
_d108380